| 000 | 00690nmc a2200289 a 4500 | ||
|---|---|---|---|
| 003 | AR-BaBNM | ||
| 005 | 20251128210334.0 | ||
| 008 | 209119s1995 ||||||||||||||000 | spa|| | ||
| 020 | _a84-236-3827-8 | ||
| 040 | _cAR-BaBNM | ||
| 100 | 1 | _aBailey, Jill | |
| 245 | 1 | 0 | _aMundo prehistórico |
| 250 | _a1ª ed. | ||
| 260 |
_aBuenos Aires _bEdebé _c1995 |
||
| 300 | 0 |
_a160 p. _bil. |
|
| 490 | 0 | _aOxford joven | |
| 500 | 0 | _aGlosario p. 154-155 | |
| 500 | 0 | _aIndice p. 156-159 | |
| 650 | 4 | _aPREHISTORIA | |
| 650 | 4 | _aERAS GEOLOGICAS | |
| 650 | 4 | _aHOMBRE PREHISTORICO | |
| 650 | 4 | _aEVOLUCION | |
| 650 | 4 | _aGEOLOGIA | |
| 700 | 1 | _aSeddon, Tony | |
| 942 | _cBK | ||
| 998 | _cCarmen | ||
| 999 |
_c15034 _d15034 |
||